| 000 | 00841cab a22002295a 4500 | ||
|---|---|---|---|
| 001 | L147626 | ||
| 008 | 090529e20090522xxko f 000 0 eng d | ||
| 035 | _a(Sirsi) u147626 | ||
| 041 | 0 | _aeng | |
| 100 | 1 | _aEade, Christine | |
| 245 | 0 | 0 |
_aRegional report _bGlos, Herefordshire, Worcs and Warks |
| 260 | _c2009 | ||
| 490 | 0 |
_aProperty Week _v75(21) 22 May 2009, 47-52(4) |
|
| 520 | _aSurveys commercial property activity across the region, highlighting retail development by the Crown Estate in Worcester and plans for gardens and showground extensions at the Royal Agricultural Society of England at Stoneleigh. | ||
| 590 | _aKA | ||
| 651 | 4 | _aGloucestershire | |
| 651 | 4 | _aHerefordshire | |
| 651 | 4 | _aWorcestershire | |
| 651 | 4 | _aWarwickshire | |
| 690 | _aPROPERTY-COMMERCIAL PROPERTY-COMMERCIAL PROPERTY MARKET | ||
| 942 | _n0 | ||
| 999 |
_c81588 _d81588 |
||